000 02363nam a2200421 c 4500
003 BLK
005 20250728145811.0
008 180409b bul|||||r ||||||| ||bul||
010 _aKNG00106656000
020 _a954-91332-2-2
040 _aBLK
041 _aBUL
_cBUL
080 _aГражданско съдопроизводство. Граждански процес. - Видове гражданско съдопроизводство:арбитражна, опростени процедури за по-дребни случаи, формалности при съдебна процедура, разследване, доказване
_b347.91/.95
_x(091)
_z347.91/.95(091)
080 _aСпециална част на наказателното право. Видове наказуеми действия - Срещу собствена или чужда държава и управлението, политически престъпления,геноцид(прав.аспекти), наркотрафик, против мира, обществен
_b343.3/.7
_x(091)
_z343.3/.7(091)
080 _aПрестъпници. Субекти на наказуеми действия
_b343.22
_x(092)
_z343.22(092)
080 _aБиографии
_b929
_x(100)
_z929(100)
100 1 _aТибълс, Джоф
_eпърви автор
_9128745
139 _aТибълс, Джоф
_bТ 54
245 1 0 _aНай-големите гафове в правосъдието
_cДжоф Тибълс; прев. от англ. Георги Ангелов.
257 _aGBR
260 _aСофия
_bАнимар
_c2003
_fХасково : Полиграфюг
_9210880
_n978-954-9323- ; 954-91176- ; 954-91332-
300 _a422 с.
_c20 см
380 _a3
500 _aОриг. загл. Legal Blunders / Jeoff Tibballs. - Офс. изд.
650 4 _aПраво
_9167371
650 4 _aПрестъпления и престъпници
_9271124
650 4 _aГрешки
_9152605
653 _aпрестъпления
653 _aпрестъпници
700 1 _aАнгелов, Георги
_eпрев. от англ.
_9368651
852 _aЦб 215141
856 4 _qpdf
856 4 _qpdf
942 _cKNG
_n0
_02
944 _aCR
_c01.01.2003
_k30549
_lВася Ганчева
944 _aED
_c09.06.2004
999 _c101605
_d101605
999 _d101605